A to Z of STS scientists. (Record no. 114384)
[ view plain ]
| 000 -LEADER | |
|---|---|
| fixed length control field | 00369nam a2200145 a 4500 |
| 001 - CONTROL NUMBER | |
| control field | 4140 |
| 005 - DATE AND TIME OF LATEST TRANSACTION | |
| control field | 20140414132058.0 |
| 008 - FIXED-LENGTH DATA ELEMENTS--GENERAL INFORMATION | |
| fixed length control field | 090218s19uu xx 00 eng d |
| 050 ## - LIBRARY OF CONGRESS CALL NUMBER | |
| Classification number | REF 509.2'2 |
| Item number | OA1 2002 |
| 100 ## - MAIN ENTRY--PERSONAL NAME | |
| Personal name | Oakes, Elizabeth H. |
| 245 ## - TITLE STATEMENT | |
| Title | A to Z of STS scientists. |
| 260 ## - PUBLICATION, DISTRIBUTION, ETC. (IMPRINT) | |
| Place of publication, distribution, etc | New York : |
| Name of publisher, distributor, etc | Fact on file, |
| Date of publication, distribution, etc | 2002. |
| 650 ## - SUBJECT ADDED ENTRY--TOPICAL TERM | |
| Topical term or geographic name as entry element | Scientist |
| Withdrawn status | Lost status | Damaged status | Home library | Current library | Shelving location | Date acquired | Total Checkouts | Full call number | Barcode | Date last seen | Price effective from | Koha item type |
|---|---|---|---|---|---|---|---|---|---|---|---|---|
| Munich Library | Munich Library | Reference Section | 02/18/2009 | REF 509.2'2 OA1 2002 | M6196 | 04/14/2014 | 04/14/2014 | Books |